Vplyv koronakrízy na finančnú situáciu a očakávania zadlžených domácností
Možnosť odkladu splátok je jedným z kľúčových opatrení na ochranu domácností pred bezprostrednými dopadmi koronakrízy. K júlu 2020 požiadalo o odklad splátok niečo cez 5 % zadlžených domácností. Zároveň však odklady robia NBS aj banky „slepými“ k výhľadu a zmenám finančnej situácie domácností. Preto...
Guardado en:
| Autor principal: | |
|---|---|
| Otros Autores: | , , , , , , |
| Formato: | Capítulo de libro |
| Lenguaje: | eslovaco |
| Materias: | |
| Etiquetas: |
Sin Etiquetas, Sea el primero en etiquetar este registro!
|
MARC
| LEADER | 00000naa a2200000 4500 | ||
|---|---|---|---|
| 001 | 0297431 | ||
| 005 | 20241106140248.4 | ||
| 041 | 0 | |a slo | |
| 044 | |a SK | ||
| 245 | 1 | 0 | |a Vplyv koronakrízy na finančnú situáciu a očakávania zadlžených domácností |c Martin Cesnak, Andrej Cupak, Judita Jurašeková Kucserová, Pavol Jurča, Ján Klacso, Anna Košútová, Andrej Moravčík, Martin Šuster |
| 520 | |a Možnosť odkladu splátok je jedným z kľúčových opatrení na ochranu domácností pred bezprostrednými dopadmi koronakrízy. K júlu 2020 požiadalo o odklad splátok niečo cez 5 % zadlžených domácností. Zároveň však odklady robia NBS aj banky „slepými“ k výhľadu a zmenám finančnej situácie domácností. Preto NBS rozhodla v máji 2020 uskutočniť prieskum zadlžených domácností na Slovensku ohľadom ich schopnosti splácať svoje úvery. V prieskume vykonanom v júli vidíme, že odklad si brali najmä dlžníci s vyššími splátkami a rizikovejším zdrojom príjmov. Kríza silnejšie postihuje práve dlžníkov s odkladom, a to stratou zamestnania či podnikania, alebo znížením príjmov. Skoro 9 % dlžníkov s odkladom neočakávalo, že by po skončení krízy mohli začať splácať všetky svoje úvery. | ||
| 610 | 2 | 0 | |a domácnosti |
| 610 | 2 | 0 | |a koronakríza |
| 610 | 2 | 0 | |a situácia finančná obyvateľstva |
| 610 | 2 | 0 | |a úver |
| 100 | 1 | |a Cesnak, Martin | |
| 700 | 1 | |a Cupak, Andrej, 1988- | |
| 700 | 1 | |a Jurašeková Kucserová, Judita | |
| 700 | 1 | |a Jurča, Pavol | |
| 700 | 1 | |a Klacso, Ján | |
| 700 | 1 | |a Košútová, Anna | |
| 700 | 1 | |a Moravčík, Andrej | |
| 700 | 1 | |a Šuster, Martin | |